China factor: Beijing’s expanding engagement in Sri Lanka, Maldives, Bangladesh and Myanmar (Record no. 359698)
[ view plain ]
| 000 -LEADER | |
|---|---|
| fixed length control field | 00552 a2200181 4500 |
| 005 - DATE & TIME | |
| control field | 20250424110639.0 |
| 008 - FIXED-LENGTH DATA ELEMENTS--GENERAL INFORMATION | |
| fixed length control field | 250423b |||||||| |||| 00| 0 eng d |
| 020 ## - ISBN | |
| International Standard Book Number | 978939149058 |
| Price | Rs. 1480.00 |
| 040 ## - CATALOGING SOURCE | |
| Original cataloging agency | VIVEKANANDA LIBRARY |
| 082 ## - DDC NUMBER | |
| Classification number | 327.54051 |
| Book Number | R813C |
| 100 ## - MAIN ENTRY--PERSONAL NAME | |
| Personal name | Roy-Chaudhury, Shantanu |
| 245 ## - TITLE STATEMENT | |
| Title | China factor: Beijing’s expanding engagement in Sri Lanka, Maldives, Bangladesh and Myanmar |
| 260 ## - PUBLICATION, DISTRIBUTION, ETC. (IMPRINT) | |
| Name of publisher, distributor, etc | KW Publishers |
| Date of publication, distribution, etc | 2024 |
| Place of publication, distribution, etc | New Delhi |
| 300 ## - PHYSICAL DESCRIPTION | |
| Pages | xxviii, 364 |
| 650 ## - Subject | |
| Subject | Defence Studies |
| 650 ## - Subject | |
| Subject | International Relations |
| 942 ## - ADDED ENTRY ELEMENTS (KOHA) | |
| Koha item type | Books |
| Withdrawn status | Lost status | Source of classification or shelving scheme | Damaged status | Not for loan | Location (home branch) | Sublocation or collection (holding branch) | Shelving location | Date acquired | Koha issues (times borrowed) | Koha full call number | Accession No. | Koha date last seen | Koha item type |
|---|---|---|---|---|---|---|---|---|---|---|---|---|---|
| Dewey Decimal Classification | VIVEKANANDA LIBRARY | VIVEKANANDA LIBRARY | Vivekananda Library | 23/12/2024 | 327.54051 R813C | 394822 | 23/12/2024 | Books |
